Дело о выкупе земельных наделов временнообязанными крестьянами А.А. и П.А. Абазы сельца Красной Рыбницы (Кашелева) Орловского уе...

Доступно только в Электронных читальных залах Найти на картеНа карте
RUSMARC
00004124nmc2a2200000 x 450
0019b620d74-9ce6-4760-9558-e1004d81e3d6
00520170112122745.0
100##$a20140402l18731873k l0rusy0189 ca
1010#$arus
102##$aRU
2001#$aДело о выкупе земельных наделов временнообязанными крестьянами А.А. и П.А. Абазы сельца Красной Рыбницы (Кашелева) Орловского уезда Орловской губернии
$j26 июня - 4 декабря 1873 г.
251##$cДело
300##$aДело
300##$aОриг. заголовок дела: Дело Абазы А.А. и П.А. Орловской губернии Орловского уезда сельца Красной Рыбницы (Кашелева). 26 июня 1873 г. - 4 декабря 1873 г
801#0$aRU
$bРГИА
$c20140402
$gRCR
801#1$aRU
$bГлавНИВЦ
$c20140402
$2rusmarc
801#2$aRU
$bПБ им. Б.Н. Ельцина
$c20170112
$gRCR
$2rusmarc
850##$aРГИА
852##$aРГИА
$eФедеральное казенное учреждение "Российский государственный исторический архив" (РГИА)
$j2414
937##$hРГИА
$d11067814
$aASBIBLIO_SCAN
462#0$10012327ab3a-0548-404e-b4cb-e37355ac5039
$12001
$a1863-1889 гг.
$1251
$cОпись
$1852
$j26
461#0$10018ef30ad5-ff5c-4840-a721-74c62a200f95
$12001
$aГлавное выкупное учреждение Министерства финансов
$1251
$cФонд
$1852
$j577
215##$a56 л.
$d36,5х26 см
371##$aДокумент не является опубликованным и широко распространяемым
105##$ay###
1222#$ad
5171#$aДело Абазы А.А. и П.А. Орловской губернии Орловского уезда сельца Красной Рыбницы (Кашелева). 26 июня 1873 г. - 4 декабря 1873 г.
035##$a9b620d74-9ce6-4760-9558-e1004d81e3d6
856##$uhttp://readingroom.main.prlib.ru/item.aspx?id_node=n94130460&mode=full
Формат отображения